000
00265nam a2200109Ia 4500
008
220204s9999 xx 000 0 und d
082
_a
82-3
_b
NAR
100
_a
Narayan, R K
245
0
_a
English teacher
260
_a
Mysore
_b
Indian Thought Publn
_c
1984
942
_c
BK
999
_c
38771
_d
38771